000
00253nam a22001217a 4500
008
180316b xxu||||| |||| 00| 0 eng d
041
_a
eng
080
_a
94
100
_a
16
101
_a
his
245
_a
american album
_c
jensen.o
942
_2
udc
_c
BK
999
_c
45268
_d
45268